=LDR 00000nam 2200000 4500 =001 NUTBA000000000003176 =005 20240801115315 =035 ##$$a 0010-081400000000020 =008 240801###########################0#ind## =040 ##$$a NBPDMAT =082 ##$$a 372.7 =090 ##$$a 372.7 $b Don m =100 ##$$a Donny Citra Lesmana =245 1#$$a Mudah berhitung matematika 1 : $b SD Kelas 1 /$c Donny Citra Lesmana =260 ##$$a Jakarta :$b Yudistira,$c 2011 =300 ##$$a 4 jil : $b ilus. ; $c 25 cm. =650 #4$$a Matematika SD =020 ##$$a 978-979-019-399-4 =084 ##$$a 372.7 DON m =250 ##$$a Cet.2 =990 ##$$a 21407062 =990 ##$$a 21407063 =990 ##$$a 21407064 =990 ##$$a 21407065 =990 ##$$a 21407066 =990 ##$$a 21407067 =990 ##$$a 21407068 =990 ##$$a 21407069 =990 ##$$a 21407070 =990 ##$$a 21407071 =990 ##$$a 21407072 =990 ##$$a 21407073 =990 ##$$a 21407074 =990 ##$$a 21407075 =990 ##$$a 21407076 =990 ##$$a 21407077 =990 ##$$a 21407078 =990 ##$$a 21407079 =990 ##$$a 21407081 =990 ##$$a 0001/BPAP-NTB/20142014 =990 ##$$a 0001/BPAP-NTB/20142014 =990 ##$$a 0001/BPAP-NTB/20142014 =990 ##$$a 0001/BPAP-NTB/20142014 =990 ##$$a 0001/BPAP-NTB/20142015 =990 ##$$a 0001/BPAP-NTB/20142015 =990 ##$$a 1202001530